34 広島県の市町村 人口順 - Statistics

General Stats
  • This quiz has been taken 10 times
  • The average score is 22 of 23
Answer Stats
順位 人口 市町村 % Correct
1 1,174,357 広島市
100%
2 446,209 福山市
100%
3 198,842 東広島市
100%
4 193,684 呉市
100%
7 84,184 三原市
100%
8 51,012 府中町
100%
10 33,913 府中市
100%
12 29,895 庄原市
100%
13 24,683 大竹市
100%
14 23,864 安芸高田市
100%
16 21,474 竹原市
100%
17 19,682 江田島市
100%
18 16,249 北広島町
100%
20 11,965 坂町
100%
23 4,923 安芸太田町
100%
5 121,288 尾道市
89%
6 111,840 廿日市市
89%
9 46,694 三次市
89%
11 30,209 海田町
89%
15 22,488 熊野町
89%
19 13,581 世羅町
89%
22 6,482 大崎上島町
89%
21 7,130 神石高原町
78%
No matching quizzes found
Score Distribution
Percent of People with Each Score
Percentile by Number Answered
Your Score History
You have not taken this quiz